000 005270000a22001930004500
001 002081
003 MACL
005 20151025154528.0
008 151025b xxu||||| |||| 00| 0 eng d
040 _aMACL
_cMACL
041 _aEnglish
082 _a923.3/PRA
100 _aPrasad, Bimal
_91761
245 _aJayprakash Narayan
_bEssential Writings 19291̜979 A Centuary Vol.(1902-2002)
_cBimal Prasad
260 _aNew Delhi
_c2002
_bKonark Publishers,
350 _a650
650 _aBiography
_916788
942 _k923
_cBK
_2ddc
999 _c13997
_d13997